| 000 | 00727nam a2200241 u 4500 | ||
|---|---|---|---|
| 005 | 20220516161428.0 | ||
| 008 | 160908s2015 es r 000 0 spa d | ||
| 020 | _a9788416160372 | ||
| 035 | _aUPN01000213013 | ||
| 049 | _aCG | ||
| 050 | 4 |
_aBL619 S3 _bD8.3 |
|
| 100 | 1 |
_aDuque, Félix _935434 |
|
| 245 | 1 | 3 |
_aLa comida del espíritu en la era tecnológica / _cFélix Duque. |
| 260 |
_aMadrid : _bAbada, _cc2015. |
||
| 300 |
_a117 p. : _bil. |
||
| 440 | 0 | _aLecturas de filosofía | |
| 650 | 4 |
_aCOMIDAS SAGRADAS _925372 |
|
| 650 | 4 |
_aSANGRE - _xASPECTOS RELIGIOSOS _925373 |
|
| 650 | 4 |
_aTECNOLOGIA - _xASPECTOS RELIGIOSOS _925374 |
|
| 650 | 2 |
_aEconomía _xAspectos religiosos _925375 |
|
| 905 | _aLibro | ||
| 999 |
_c185113 _d185113 |
||